Calcul des temps de pose et tables photométriques (Record no. 167436)

MARC details
000 -LEADER
campo de control de longitud fija 01091nam a22002295i 4500
001 - NÚMERO DE CONTROL
campo de control 167436
003 - IDENTIFICADOR DE NÚMERO DE CONTROL
campo de control ES-MaACL
005 - FECHA Y HORA DE LA ÚLTIMA TRANSACCIÓN
campo de control 20250728042310.0
008 - DATOS DE LONGITUD FIJA--INFORMACIÓN GENERAL
campo de control de longitud fija 950306s1884 fr d |||| | fre d
040 ## - FUENTE DE CATALOGACIÓN
Centro catalogador/agencia de origen CAT
Lengua de catalogación spa
Centro/agencia transcriptor CAT
Centro/agencia modificador CCPB
080 ## - NÚMERO DE LA CLASIFICACIÓN DECIMAL UNIVERSAL
Número de la Clasificación Decimal Universal 778
100 1# - ENTRADA PRINCIPAL--NOMBRE DE PERSONA
Nombre de persona Vidal, Léon,
Fechas asociadas al nombre 1833-1906
9 (RLIN) 133694
245 10 - MENCIÓN DEL TÍTULO
Título Calcul des temps de pose et tables photométriques
Resto del título : pour l'appréciation des temps de pose nécessaires à l'impression des épreuves négatives à la chambre noire en raison de l'intensité de la lumière, de la distance focale, de la sensibilité des produits, du diamètre du diaphragme et du pouvoir réflecteur moyen des objets à reproduire /
Mención de responsabilidad, etc. par Léon Vidal.
250 ## - MENCION DE EDICION
Mención de edición 2e éd.
260 ## - PUBLICACIÓN, DISTRIBUCIÓN, ETC.
Lugar de publicación, distribución, etc. Paris :
Nombre del editor, distribuidor, etc. Gauthier-Villars,
Fecha de publicación, distribución, etc. 1884.
300 ## - DESCRIPCIÓN FÍSICA
Extensión 64, 50, II p. ;
Dimensiones 18 cm.
490 1# - MENCIÓN DE SERIE
Mención de serie Annales de la photographie
650 #7 - PUNTO DE ACCESO ADICIONAL DE MATERIA--TÉRMINO DE MATERIA
Término de materia o nombre geográfico como elemento de entrada Fotografía-
Subdivisión general Técnica
Fuente del encabezamiento o término
9 (RLIN) 150981
830 0# - PUNTO DE ACCESO ADICIONAL DE SERIE-TÍTULO UNIFORME
Título uniforme Annales de la photographie
9 (RLIN) 222626
852 ## - LOCALIZACIÓN
Ubicación ES-MaACL
Número de control de estantería T-486 bis-F-1
Nota libre -- Enc. hol., conservando la enc. original
-- -- Enc. en un vol. facticio
Holdings
Estatus retirado Estado de pérdida Estado de daño No para préstamo Colección Biblioteca de origen Biblioteca actual Ubicación en estantería Fecha de adquisición Total de préstamos Signatura topográfica completa Código de barras Visto por última vez Precio de reemplazo Tipo de ítem Koha
        Colección de folletos Biblioteca del Ateneo de Madrid Biblioteca del Ateneo de Madrid Depósito folletos 17/01/2008   T-486 bis-F-1 1175648 23/02/2023 23/02/2023 Folleto